Over or Under 100 - Statistics

General Stats
  • This quiz has been taken 59 times
  • The average score is 10 of 16
Answer Stats
Hint Answer % Correct
Length of the Brooklyn Bridge (In Metres) Over
86%
US Presidents Under
84%
Episodes of Friends Over
82%
Diameter of A Car Wheel (in Inches) Under
82%
Members of the UN Over
80%
Crayola Colours Over
75%
E.T. the Extra-Terrestrial Running Time in Minutes Over
75%
UK Singles Charts no. Ones by Elvis Presley Under
70%
Counties in Texas Over
55%
Major League Sports Teams Over
52%
States and Districts of Brazil Under
50%
Average temperature in Australia (in Fahrenheit) Under
50%
Wingspan of a Boeing 747 (in Metres) Under
48%
Height of the Statue of Liberty (in Metres) Under
36%
Official UK Cities (Including Territories & Westminster) Under
36%
Words Starting With X Over
30%
No matching quizzes found
Score Distribution
Percent of People with Each Score
Percentile by Number Answered
Your Score History
You have not taken this quiz